| 000 | 01210nas a2200361 4500 | ||
|---|---|---|---|
| 001 | BR8200711 | ||
| 003 | BR-BrBNA | ||
| 005 | 20231205085022.0 | ||
| 007 | ta | ||
| 008 | 230509b bl.|||p| |||| 00| 00por d | ||
| 040 |
_aBR-BrBNA _bpor _cBiblioteca Nacional de Agricultura |
||
| 041 | _a(Pt) | ||
| 072 | _aL72 | ||
| 100 | 1 | _aFujii, T.U. | |
| 100 | 1 | _aOba, M.S.P. | |
| 100 | 1 | _aPorto, A. del | |
| 100 | 1 | _aSerafim, A.C. de O. | |
| 100 | 1 | _aTanji, J. | |
| 100 | 1 | _aPalazzo, J.P.C. | |
| 100 | 1 | _aFujii, T. | |
| 100 | 1 | _aLima, Z.M.B. | |
| 245 | 1 | _aEstudos preliminares dos aspectos epidemiologicos das endoparasitoses dos bovinos do vale do Ribeira, litoral sul do estado de Sao Paulo [Bos taurus; Verminose; Brasil] | |
| 246 | 1 | _aStudy of the epidemiology of gastrintestinal helminths of cattle of Ribeira valley, Sao Paulo [Bos taurus; Verminosis; Brazil] | |
| 650 | _aPraga de animal | ||
| 650 | _aBovino | ||
| 650 | _aVerminose | ||
| 650 | _aParasito de animal | ||
| 650 | _aVale do Ribeira | ||
| 650 | _aSao Paulo | ||
| 773 | 0 |
_tEcossistema (Brazil) _xISSN 0100-4107 _g(Sep 1981), v. 6(1) p. 113-127 _wBR8200711 |
|
| 909 |
_a202311 _bLúcia _c55 _dLúcia Elande |
||
| 942 |
_2AGRIS _n0 _cANA |
||
| 999 |
_c108699 _d108699 |
||